Pomohou nové daně životnímu prostředí?

Skúmanie novej daňovej sústavy z hľadiska jej účinkov v oblasti ochrany životného prostredia. Možnosti šetrenia životného prostredia vyplývajúce z oslobodenia od dane z príjmov, dane z pridanej hodnoty, spotrebnej dane, dane z nehnuteľností, dane cestnej, dane dedičskej, darovacej a z prevodu nehnut...

Descrizione completa

Salvato in:
Dettagli Bibliografici
Autore principale: Geuss, E.
Natura: Capitolo di libro
Lingua:ceco
Soggetti:
Tags: Aggiungi Tag
Nessun Tag, puoi essere il primo ad aggiungerne!!

MARC

LEADER 00000naa a2200000 4500
001 r010303
005 20220831083950.4
041 0 |a cze 
044 |a [CS] 
245 1 0 |a Pomohou nové daně životnímu prostředí?  |c E. Geuss 
520 |a Skúmanie novej daňovej sústavy z hľadiska jej účinkov v oblasti ochrany životného prostredia. Možnosti šetrenia životného prostredia vyplývajúce z oslobodenia od dane z príjmov, dane z pridanej hodnoty, spotrebnej dane, dane z nehnuteľností, dane cestnej, dane dedičskej, darovacej a z prevodu nehnuteľností. Význam dane pre ochranu životného prostredia. 
610 2 0 |a dane 
610 2 0 |a sústava daňová 
610 2 0 |a ochrana prostredia životného 
610 2 0 |a ekológia 
610 2 0 |a zákony 
100 1 |a Geuss, E.